| 000 | 00813nam a22002177a 4500 | ||
|---|---|---|---|
| 005 | 20220729151113.0 | ||
| 008 | 220729b ||||| |||| 00| 0 eng d | ||
| 040 | _cAloy | ||
| 041 | _aeng | ||
| 082 |
_223 _a954.035 _bMAHD |
||
| 100 |
_aT K Mahadevan _954029 |
||
| 245 |
_aDvija: _ba prophet unheard |
||
| 260 |
_aNew Delhi _bAffiliated East West Press Pvt Ltd _c1977 |
||
| 300 |
_a181p. _bHB _c22x14cm. |
||
| 365 | _2History | ||
| 520 | _aGandhi's inability to communicate his ideas effectively and the incapability of the ordinary minds to comprehend its lofty import, according to Mahadevan, were two reasons which prevented Hind Swaraj from becoming a book of total revolution. | ||
| 650 |
_aIndian History _954030 |
||
| 650 |
_aStromata _954031 |
||
| 700 |
_aMAHADEVAN (T K) _954032 |
||
| 942 |
_2ddc _cGF |
||
| 999 |
_c224299 _d224299 |
||